Strange Magic - Characters by Picture - Statistics

General Stats
  • This quiz has been taken 12 times
  • The average score is 10 of 13
Answer Stats
Picture Answer % Correct
Bog King
100%
Dawn
100%
Marianne
100%
Roland
100%
Sunny
100%
Fairy King
89%
Griselda
78%
Sugar Plum Fairy
78%
Brutus
67%
Imp
67%
Stuff
67%
Thang
56%
Pare
22%
No matching quizzes found
Score Distribution
Percent of People with Each Score
Percentile by Number Answered
Your Score History
You have not taken this quiz